000 00355nam a22001337a 4500
005 20160216152703.0
008 160216b xxu||||| |||| 00| 0 eng d
040 _cPK-LaUMT
082 _aAMC 956.7043
_bDES-
245 _aDesert warriors
_bthe man and women who won the gulf war
260 _aNew York
_bPocket books
_c[ ]
300 _a213 p.
942 _cBK
999 _c82884
_d82884